Vista normal Vista MARC

Entrada Materia (personas)

Número de registros utilizados en: 1

001 - CONTROL NUMBER

  • control field: 161927

003 - CONTROL NUMBER IDENTIFIER

  • control field: Co-BoUCM

005 - DATE AND TIME OF LATEST TRANSACTION

  • control field: 20211110134537.0

008 - FIXED-LENGTH DATA ELEMENTS

  • fixed length control field: 211110|| aca||aabn | a|a d

040 ## - CATALOGING SOURCE

  • Original cataloging agency: Co-BoUCM
  • Transcribing agency: Co-BoUCM

100 ## - HEADING--PERSONAL NAME

  • Personal name: Joseph, Arthur Samuel

670 ## - SOURCE DATA FOUND

  • Source citation: Work cat.: (Co-BoUCM)46181: Joseph, Arthur Samuel., La voz, el sonido del alma ejercicios para desarrollar la voz y aumentar la autoestima y la seguridad en uno mismo, 1996